| 000 | 00441nam a2200169 i 4500 | ||
|---|---|---|---|
| 001 | bg | ||
| 100 | 1 | _aBAUER, Michael | |
| 245 | 0 |
_aErmittlung der Fließkurven von Feinblechen im ebenen Torsionsversuch / _cM.Bauer. |
|
| 260 |
_aBerlin : _bSpringer-Verlag, _c1989. |
||
| 020 | _a3540511172 | ||
| 040 | _cBPK | ||
| 041 | _apol | ||
| 080 | _a621.98 | ||
| 920 | _a3-540-51117-2 | ||
| 942 | _cKS | ||
| 008 | s pl f |000 0 pol | ||
| 999 |
_c29063 _d29063 |
||
| 856 |
_uhttp://koha.tu.koszalin.pl/cgi-bin/koha/opac-detail.pl?biblionumber=29063 _yKatalog online BPK |
||